| 000 | 00565njm a2200181 i 4500 | ||
|---|---|---|---|
| 001 | C2-0264915 | ||
| 003 | PPAK | ||
| 005 | 20180729152301.0 | ||
| 008 | 050521s2005 my |||| ||||| | may d | ||
| 040 |
_aPPAK _beng _cPPAK _erda |
||
| 245 | 0 | 0 | _aPeranan PDRM dalam organisasi sesebuah jabatan |
| 264 | 1 |
_aAlor Setar, Kedah : _bPerbadanan Perpustakaan Awam Kedah , _c2005 |
|
| 336 |
_2rdacontent _atext |
||
| 337 |
_2rdamedia _aunmediated |
||
| 338 |
_2rdacarrier _avolume |
||
| 500 | _aTiada transkripsi ; Dirakam pada 11/04/05 di Auditorium PPAK | ||
| 942 |
_ddc _cB |
||
| 999 |
_c163437 _d163437 |
||